000 00645nam a2200265Ia 4500
005 20260121161431.0
008 008 260114s9999 xx 000 0 eng d
020 _a9781315727622
037 _aEBOOK
040 _aCRL
040 _beng
040 _cCRL
041 _2eng
041 _aeng
084 _qCRL
100 _aFreud and Psychoanalysis, Vol. 4
_91044739
245 0 _aR.F.C. Hull; C.G. Jung
260 _bTaylor and Francis
260 _c1961
650 _aMental Health
_91044740
856 _uhttp://www.taylorfrancis.com/books/9781315727622
942 _cEBOOK
999 _c1610777
_d1610777